El nacionalismo y la antiguedad.

Na minha lista:
Detalhes bibliográficos
Autor principal: Chapoutot, Johann
Formato: Desconhecido
Idioma:inglês
Publicado em: Madrid, España. Abada Editores, 2013
Colecção:Historia
Assuntos:
Tags: Adicionar Tag
Sem tags, seja o primeiro a adicionar uma tag!

MARC

LEADER 00000 a2200000 4500
003 CL-VaPUC
005 20211021130454.0
008 201201b ||||| |||| 00| 0 eng d
999 |c 431870  |d 431868 
020 |a 9788415289876 
040 |c Pontificia Universidad Católica de Valparaíso 
082 |a 320.54 CHA 2013 
100 |a Chapoutot, Johann  |9 857022 
245 |a El nacionalismo y la antiguedad. 
260 |a Madrid, España.  |b Abada Editores,  |c 2013 
300 |a 579 páginas  
490 |a Historia  
583 |k Cristina Rojas  |c 20201201 
650 |a Nacionalismo   |9 858481 
942 |2 ddc  |c BK 
952 |0 0  |1 0  |2 ddc  |4 0  |6 320_540000000000000_CHA_2013  |7 0  |8 A  |9 577037  |a BIBHIS  |b BIBHIS  |d 2020-11-30  |e 14  |g 39990.00  |i 5578744  |l 2  |o 320.54 CHA 2013  |p 5578744  |r 2025-04-22  |s 2025-04-22  |t 1  |v 39990.00  |w 2020-11-30  |y BK  |k HIS